Normale Ansicht MARC-Ansicht ISBD

Aktion 1005 - Spurenbeseitigung von NS-Massenverbrechen 1942 - 1945 : (Titelsatznr. 51736)

[ MARC ]
MARC-Details
000 -Satzkennung
Kontrollfeld mit fester Länge 00719nac a22002291ca4500
001 - Kontrollnummer
Kontrollfeld a987691577
008 - Feld mit fester Länge zur physischen Beschreibung - Allgemeine Angaben
Kontrollfeld mit fester Länge 190129s2018 gw |||| 000u ger d
020 ## - Internationale Standardbuchnummer
Internationale Standardbuchnummer 9783835332683
Verknüpfung 978-3-8353-3268-3
041 ## - Sprachcode
Sprachcode des Textes/der Tonspur oder des separaten Titels ger
040 ## - Katalogisierungsquelle
Übertragungsstelle RU-10907106
003 - Kontrollnummer Identifier
Kontrollfeld RU-10907106
100 1# - Haupteintragung - Personenname
Personenname Angrick, Andrej
245 00 - Titel
Titel Aktion 1005 - Spurenbeseitigung von NS-Massenverbrechen 1942 - 1945 :
Zusatz zum Titel eine "geheime Reichssache" im Spannungsfeld von Kriegswende und Propaganda /
Verfasserangabe etc. Andrej Angrick
264 ## - Produktion, Veröffentlichung, Distribution, Herstellung und Urheberrechtsvermerk
Herstellungs-, Veröffentlichungs- Vertriebs-, Erzeugungsort Göttingen :
Produzent, Herausgeber, Distributor, Hersteller Wallstein Verlag,
Datum der Herstellung, der Veröffentlichung, des Vertriebs oder des Urheberschutzvermerks 2018
300 ## - Physische Beschreibung
Umfang 2 Bände
650 #0 - Nebeneintragung unter einem Schlagwort - Sachschlagwort
Sachschlagwort oder geografischer Name als Eintragungselement Sonderaktion 1005
650 #0 - Nebeneintragung unter einem Schlagwort - Sachschlagwort
Sachschlagwort oder geografischer Name als Eintragungselement Judenvernichtung
650 #0 - Nebeneintragung unter einem Schlagwort - Sachschlagwort
Sachschlagwort oder geografischer Name als Eintragungselement Kriegsverbrechen
650 #0 - Nebeneintragung unter einem Schlagwort - Sachschlagwort
Sachschlagwort oder geografischer Name als Eintragungselement Weltkrieg <1939-1945>
942 ## - Zusätzliche Felder (Koha)
Koha-Medientyp Monographien
Exemplare
Ausgeschieden Verloren Klassifikation oder Aufstellungssystematik Beschädigt Nicht entleihbar Heimatbibliothek Aufenthaltsbibliothek Aufstellungsort Erwerbungsdatum Inventarnummer Signatur Barcode Letzte Aktivität Preis gültig von Koha-Medientyp
    Andere/Generische Klassifikation     MWN Osteuropa MWN Osteuropa Lesesaal - 1 29/01/2019 19-00442 D 52 rg Ang 2 (Bde.) 51750 23/02/2021 22/03/2021 Monographien